| 000 | 00868nam a2200205Ia 4500 | ||
|---|---|---|---|
| 001 | 15630 | ||
| 003 | GE_BSU | ||
| 008 | 181216s||||||||xx |||||||||||||| ||und|| | ||
| 040 | _cGE_BSU | ||
| 080 | _a821.353.1-1 | ||
| 100 | _aწერეთელი, ა. | ||
| 245 | _aთხზულებანი : ლექსები, პოემები, მოთხრობები | ||
| 245 | _cშეადგინა მ. ლებანიძემ ; წინასიტყვ. ავტ.: პ. ინგოროყვა ; მხატვ. ლ. გრიგოლია | ||
| 260 | _aთბილისი | ||
| 260 | _bსაბჭ. საქართველო | ||
| 260 | _c1980. | ||
| 300 | _a814 გვ. : 1 ფ. პორტრ. ; 20 სმ. | ||
| 653 | _aლექსები, პოემები, მოთხრობები | ||
| 942 | _cBK | ||
| 999 |
_c48730 _d48730 |
||